000 00329 a2200133 4500
000 nam a22 7a 4500
100 _aBurton, Graham
110 _aBurton, Graham
245 _aCorpus Linguistics for Curriculum Design
250 _aLatest edition
260 _bRoutledge
_c2026
264 _bRoutledge
_c2026
942 _cBK
999 _c394294
_d394294